000 00697nam a2200241 a 4500
008
020 _a0878930205 (hbk.)
049 _aMAIN
090 _aQL751.A58
100 1 _aAlcock, John
245 1 0 _aAnimal Behavior:
_ban evolutionary approach/
_cJohn Alcock.
260 _aSunderland :
_bSinauer Associates ,
_cc1998.
300 _a4th. ed.
300 _axvii,596p. :
_bill(col). ;
_c28cm.
504 _aIncludes bibliographical references.
500 _aIncludes index.
650 1 _aAnimal behavior.
907 _a.b10185082
_b13-01-06
_c11-01-06
003
005 20230123134137.0
040 _cNUST
942 _cBOOKS
_kQL751.A58
999 _c160799
_d160799